000 00282nam a2200109 4500
008 160702b xxu||||| |||| 00| 0 eng d
100 _91902
_a Sinha, N
245 _a5 Mystery Stories
260 _aN.D
_b Children Book Trust
_c2004
300 _a5 Mystery Stories
942 _2ddc
_cBK
999 _c1604
_d1604